MARC details
| 000 -LEADER |
| campo de control de longitud fija |
04048cam a2200601 a 4500 |
| 001 - NÚMERO DE CONTROL |
| campo de control |
6973763 |
| 005 - FECHA Y HORA DE LA ÚLTIMA TRANSACCIÓN |
| campo de control |
20220326193334.0 |
| 008 - DATOS DE LONGITUD FIJA--INFORMACIÓN GENERAL |
| campo de control de longitud fija |
070828m20082013enka b 001 0 eng d |
| 010 ## - NÚMERO DE CONTROL DE LA BIBLIOTECA DEL CONGRESO |
| Número de control de LC |
2011380041 |
| 015 ## - NÚMERO DE BIBLIOGRAFÍA NACIONAL |
| Número de bibliografía nacional |
GBA770669 |
| Fuente |
bnb |
| 016 7# - NÚMERO DE CONTROL DE UNA AGENCIA BIBLIOGRÁFICA NACIONAL |
| Número de control del registro |
013833582 |
| Fuente |
Uk |
| 020 ## - NÚMERO INTERNACIONAL ESTÁNDAR DEL LIBRO |
| Número Internacional Estándar del Libro |
9780714844053 (v. 1) |
| 020 ## - NÚMERO INTERNACIONAL ESTÁNDAR DEL LIBRO |
| Número Internacional Estándar del Libro |
0714844055 (v. 1) |
| 020 ## - NÚMERO INTERNACIONAL ESTÁNDAR DEL LIBRO |
| Número Internacional Estándar del Libro |
9780714864952 (v. 2) |
| 020 ## - NÚMERO INTERNACIONAL ESTÁNDAR DEL LIBRO |
| Número Internacional Estándar del Libro |
0714864951 (v. 2) |
| 029 1# - OTRO NÚMERO DE CONTROL DE SISTEMA (OCLC) |
| Identificador de la biblioteca OCLC |
AU@ |
| Número de control de sistema |
000043765520 |
| 029 1# - OTRO NÚMERO DE CONTROL DE SISTEMA (OCLC) |
| Identificador de la biblioteca OCLC |
CDX |
| Número de control de sistema |
5941111 |
| 029 1# - OTRO NÚMERO DE CONTROL DE SISTEMA (OCLC) |
| Identificador de la biblioteca OCLC |
GEBAY |
| Número de control de sistema |
11062830 |
| 029 1# - OTRO NÚMERO DE CONTROL DE SISTEMA (OCLC) |
| Identificador de la biblioteca OCLC |
LQU |
| Número de control de sistema |
528779 |
| 029 1# - OTRO NÚMERO DE CONTROL DE SISTEMA (OCLC) |
| Identificador de la biblioteca OCLC |
NZ1 |
| Número de control de sistema |
12856088 |
| 029 1# - OTRO NÚMERO DE CONTROL DE SISTEMA (OCLC) |
| Identificador de la biblioteca OCLC |
UNITY |
| Número de control de sistema |
109290844 |
| 035 ## - NÚMERO DE CONTROL DEL SISTEMA |
| Número de control de sistema |
(OCoLC)ocn276988753 |
| 035 ## - NÚMERO DE CONTROL DEL SISTEMA |
| Número de control de sistema |
(OCoLC)276988753 |
| Número de control cancelado/no válido |
(OCoLC)428770459 |
| -- |
(OCoLC)847733964 |
| 035 ## - NÚMERO DE CONTROL DEL SISTEMA |
| Número de control de sistema |
(NNC)6973763 |
| 040 ## - FUENTE DE CATALOGACIÓN |
| Centro catalogador/agencia de origen |
NPL |
| Lengua de catalogación |
eng |
| Centro/agencia transcriptor |
NPL |
| Centro/agencia modificador |
DLC |
| -- |
TXA |
| -- |
BWX |
| -- |
PUL |
| -- |
VP@ |
| -- |
IQU |
| -- |
OSU |
| -- |
VJA |
| -- |
IMO |
| -- |
CDX |
| -- |
UBA |
| -- |
GEBAY |
| -- |
OCLCQ |
| -- |
BDX |
| -- |
SGB |
| -- |
SHH |
| -- |
UKM |
| -- |
PZI |
| -- |
TLE |
| -- |
OCLCA |
| -- |
MAV |
| -- |
OCLCQ |
| -- |
OCLCO |
| 042 ## - CÓDIGO DE AUTENTICACIÓN |
| Código de autenticación |
lccopycat |
| 082 04 - NÚMERO DE LA CLASIFICACIÓN DECIMAL DEWEY |
| Número de clasificación |
709.040.09 |
| Número de edición |
22 |
| Número de ítem |
A469b |
| 245 00 - MENCIÓN DEL TÍTULO |
| Título |
Biennials and Beyond: Exhibitions that made art history / |
| Mención de responsabilidad, etc. |
conceived and edited by Phaidon editors and Bruce Altshuler ; introductory essay and chapter introductions by Bruce Altshuler. |
| 260 ## - PUBLICACIÓN, DISTRIBUCIÓN, ETC. |
| Lugar de publicación, distribución, etc. |
London ; |
| -- |
New York, N.Y. : |
| Nombre del editor, distribuidor, etc. |
Phaidon, |
| Fecha de publicación, distribución, etc. |
©2008- 2013. |
| 300 ## - DESCRIPCIÓN FÍSICA |
| Extensión |
402 p. |
| Otras características físicas |
ill. (col.) ; |
| Dimensiones |
30 cm |
| 500 ## - NOTA GENERAL |
| Nota general |
Solo se posee el volumen 2 Biennials and Beyond . Exhibitions That Made Art History 1962-2002 |
| 504 ## - NOTA DE BIBLIOGRAFÍA, ETC. |
| Nota de bibliografía, etc. |
Includes bibliographical references and indexes. |
| 505 0# - NOTA DE CONTENIDO CON FORMATO |
| Nota de contenido con formato |
V.2. Biennials and beyond, 1962-2002 -- Dylaby, Amsterdam, 1962 -- New Realists, New York, 1962 -- Primary Structures, New York, 1966 -- Arte Povera + Azioni povere, Amalfi, 1968 -- January 5-31, 1969, New York, 1969 -- When Attitudes Become Form, Bern, 1969 -- 557,087, Seattle, 1969 -- Information, New York, 1970 -- Sonsbeek 71, The Netherlands, 1971 -- Documenta 5, Kassel, 1972 -- The Bulldozer Exhibition, Moscow, 1974 -- The Times Square Show, New York, 1980 -- A New Spirit in Painting, London, 1981 -- Les Immatériaux, Paris, 1985 -- Chambres d' Amis, Ghent, 1986 -- Second Havana Biennial, 1986 -- Freeze, London, 1988 -- China/Avant-garde, Beijing, 1989 -- Magiciens de la Terre, Paris, 1989 -- Places with a Past, Charleston, 1991 -- Whitney Biennial, New York, 1993 -- Traffic, Bordeaux, 1996 -- Citis on the Move, Vienna, 1997 -- 24th Sao Paulo Biennial, 1998 -- Documenta 11, Kassel, 2002. |
| 520 ## - RESUMEN, ETC. |
| Sumario, etc. |
This is the most comprehensive reference book on contemporary art group exhibitions. Coverage includes the development of modern art, shown through all of the most influential group exhibitions in history. This is intended to be a two-volume set, with the second volume intended for publication in 2009. Volume 1 opens with the revolutionary first Salon des Refušs in Paris of 1863 and concludes with the multi-locational international exhibition 'The New American Painting', organized by the Museum of Modern Art, New York, 195859. This work includes a wealth of rare documentary material and ephemera, such as installation photographs, publications and reviews of the period. This is an exceptional sourcebook for anyone interested in the history of twentieth-century art, exhibition design or curatorial practice. - Publisher. |
| 648 #7 - PUNTO DE ACCESO ADICIONAL DE MATERIA--TÉRMINO CRONOLÓGICO |
| Término cronológico |
Geschichte |
| Fuente del encabezamiento o término |
swd |
| 9 (RLIN) |
3589 |
| 650 #0 - PUNTO DE ACCESO ADICIONAL DE MATERIA--TÉRMINO DE MATERIA |
| Término de materia o nombre geográfico como elemento de entrada |
Art, Modern |
| Subdivisión cronológica |
21th century |
| Subdivisión general |
Exhibitions |
| -- |
History. |
| 9 (RLIN) |
3590 |
| 650 #0 - PUNTO DE ACCESO ADICIONAL DE MATERIA--TÉRMINO DE MATERIA |
| Término de materia o nombre geográfico como elemento de entrada |
Art, Modern |
| Subdivisión cronológica |
20th century |
| Subdivisión general |
Exhibitions |
| -- |
History. |
| 9 (RLIN) |
3591 |
| 650 #0 - PUNTO DE ACCESO ADICIONAL DE MATERIA--TÉRMINO DE MATERIA |
| Término de materia o nombre geográfico como elemento de entrada |
Exhibiciones |
| Subdivisión de forma |
Bienales |
| 9 (RLIN) |
3592 |
| 650 #0 - PUNTO DE ACCESO ADICIONAL DE MATERIA--TÉRMINO DE MATERIA |
| Término de materia o nombre geográfico como elemento de entrada |
Art, Modern |
| Subdivisión cronológica |
20th century |
| Subdivisión general |
Exhibitions |
| -- |
History |
| Subdivisión de forma |
Sources. |
| 9 (RLIN) |
3593 |
| 650 #7 - PUNTO DE ACCESO ADICIONAL DE MATERIA--TÉRMINO DE MATERIA |
| Término de materia o nombre geográfico como elemento de entrada |
Exposições de arte (história) |
| Fuente del encabezamiento o término |
larpcal |
| 9 (RLIN) |
3594 |
| 650 #7 - PUNTO DE ACCESO ADICIONAL DE MATERIA--TÉRMINO DE MATERIA |
| Término de materia o nombre geográfico como elemento de entrada |
Arte moderna. |
| Fuente del encabezamiento o término |
larpcal |
| 9 (RLIN) |
3595 |
| 650 #7 - PUNTO DE ACCESO ADICIONAL DE MATERIA--TÉRMINO DE MATERIA |
| Término de materia o nombre geográfico como elemento de entrada |
Bienais de arte. |
| Fuente del encabezamiento o término |
larpcal |
| 9 (RLIN) |
3596 |
| 650 #7 - PUNTO DE ACCESO ADICIONAL DE MATERIA--TÉRMINO DE MATERIA |
| Término de materia o nombre geográfico como elemento de entrada |
Kunstausstellung. |
| Fuente del encabezamiento o término |
swd |
| 9 (RLIN) |
3597 |
| 650 #7 - PUNTO DE ACCESO ADICIONAL DE MATERIA--TÉRMINO DE MATERIA |
| Término de materia o nombre geográfico como elemento de entrada |
Arte |
| Subdivisión general |
Exhibiciones |
| 9 (RLIN) |
3598 |
| 650 #7 - PUNTO DE ACCESO ADICIONAL DE MATERIA--TÉRMINO DE MATERIA |
| Término de materia o nombre geográfico como elemento de entrada |
Arte Moderno |
| Subdivisión cronológica |
Siglo 20 |
| -- |
Siglo 21 |
| 9 (RLIN) |
3599 |
| 650 #7 - PUNTO DE ACCESO ADICIONAL DE MATERIA--TÉRMINO DE MATERIA |
| Término de materia o nombre geográfico como elemento de entrada |
Bienales de Arte |
| Subdivisión cronológica |
1962-2002 |
| 9 (RLIN) |
3600 |
| 700 1# - ENTRADA AGREGADA--NOMBRE PERSONAL |
| Nombre de persona |
Altshuler, Bruce. |
| 9 (RLIN) |
3601 |
| 710 2# - ENTRADA AGREGADA--NOMBRE DE ENTIDAD CORPORATIVA |
| Nombre de entidad corporativa o nombre de jurisdicción como elemento de entrada |
Phaidon Press. |
| 9 (RLIN) |
3602 |
| 740 02 - ENTRADA AGREGADA--TÍTULO RELACIONADO/ANALÍTICO NO CONTROLADO |
| Título relacionado o analítico no controlado |
Salon to biennial. |
| 740 02 - ENTRADA AGREGADA--TÍTULO RELACIONADO/ANALÍTICO NO CONTROLADO |
| Título relacionado o analítico no controlado |
Biennials and beyond. |
| 948 1# - PROCESAMIENTO DE INFORMACIÓN LOCAL (OCLC); DESIGNADOR DE PARTE DE LA SERIE (RLIN) |
| Designador de la parte de la serie, SPT (RLIN) |
20090128 |
| b (OCLC) |
c |
| c (OCLC) |
fra1 |
| d (OCLC) |
SCMC |